Selected Readings to Accompany Getting Agriculture Moving. (Record no. 350776)
[ view plain ]
| 000 -LEADER | |
|---|---|
| fixed length control field | 00820cam a22002411 4500 |
| 001 - CONTROL NUMBER | |
| control field | 3588153 |
| 003 - CONTROL NUMBER IDENTIFIER | |
| control field | OSt |
| 005 - DATE AND TIME OF LATEST TRANSACTION | |
| control field | 20180116183026.0 |
| 008 - FIXED-LENGTH DATA ELEMENTS--GENERAL INFORMATION | |
| fixed length control field | 740801s1966 nyua 000 0 eng |
| 010 ## - LIBRARY OF CONGRESS CONTROL NUMBER | |
| LC control number | 66029130 |
| 040 ## - CATALOGING SOURCE | |
| Original cataloging agency | DLC |
| Transcribing agency | DLC |
| Modifying agency | DLC |
| 050 00 - LIBRARY OF CONGRESS CALL NUMBER | |
| Classification number | HD1415 |
| Item number | .B6 |
| 082 00 - DEWEY DECIMAL CLASSIFICATION NUMBER | |
| Classification number | 338.1 BOR 1996 |
| 100 1# - MAIN ENTRY--PERSONAL NAME | |
| Personal name | Borton, Raymond E., |
| Relator term | comp. |
| 245 10 - TITLE STATEMENT | |
| Title | Selected Readings to Accompany Getting Agriculture Moving. |
| Statement of responsibility, etc. | Edited by Raymond E. Borton. |
| 260 ## - PUBLICATION, DISTRIBUTION, ETC. | |
| Place of publication, distribution, etc. | New York, |
| Name of publisher, distributor, etc. | Agricultural Development Council |
| Date of publication, distribution, etc. | [1966] |
| 300 ## - PHYSICAL DESCRIPTION | |
| Extent | 526 p. |
| Other physical details | illus. |
| Dimensions | 23 cm. |
| 440 ## - SERIES STATEMENT/ADDED ENTRY--TITLE | |
| Title | Selected Readings to Accompany Getting Agriculture Moving. |
| 650 #0 - SUBJECT ADDED ENTRY--TOPICAL TERM | |
| Topical term or geographic name entry element | Agriculture and state. |
| 700 1# - ADDED ENTRY--PERSONAL NAME | |
| Personal name | Mosher, Arthur Theodore, |
| Dates associated with a name | 1910- |
| Title of a work | Getting agriculture moving. |
| 906 ## - LOCAL DATA ELEMENT F, LDF (RLIN) | |
| a | 7 |
| b | cbc |
| c | orignew |
| d | u |
| e | ocip |
| f | 19 |
| g | y-gencatlg |
| 942 ## - ADDED ENTRY ELEMENTS (KOHA) | |
| Source of classification or shelving scheme | |
| Koha item type | Book |
| Withdrawn status | Lost status | Source of classification or shelving scheme | Damaged status | Not for loan | Collection code | Permanent Location | Current Location | Shelving location | Date acquired | Total Checkouts | Full call number | Barcode | Date last seen | Date last checked out | Price effective from | Koha item type |
|---|---|---|---|---|---|---|---|---|---|---|---|---|---|---|---|---|
| Central Library (CL) | Central Library (CL) | Fiction | 12/03/2015 | 1 | 338.1 BOR 1996 | NBSD-2197 | 11/22/2017 | 08/09/2017 | 12/03/2015 | Book |
